5HLuxD.jpg

KING HENRY VIII SENIOR AND PRIMARY SCHOOL LIBRARY OPAC

Hum if you don't know the words : (Record no. 546)

000 -LEADER
fixed length control field 02495nam a22002297a 4500
005 - DATE AND TIME OF LATEST TRANSACTION
control field 20190821103726.0
008 - FIXED-LENGTH DATA ELEMENTS--GENERAL INFORMATION
fixed length control field 190821b ||||| |||| 00| 0 eng d
020 ## - INTERNATIONAL STANDARD BOOK NUMBER
International Standard Book Number 9780399575082
040 ## - CATALOGING SOURCE
Transcribing agency KH8
082 ## - DEWEY DECIMAL CLASSIFICATION NUMBER
Classification number FIC MAR
100 ## - MAIN ENTRY--PERSONAL NAME
Personal name Marais, Bianca
245 ## - TITLE STATEMENT
Title Hum if you don't know the words :
Remainder of title a novel /
Statement of responsibility, etc. Bianca Marais
260 ## - PUBLICATION, DISTRIBUTION, ETC.
Place of publication, distribution, etc. New York :
Name of publisher, distributor, etc. G.P. Putnam's Sons,
Date of publication, distribution, etc. 2018.
300 ## - PHYSICAL DESCRIPTION
Extent 426 p. ;
Dimensions 21 cm.
500 ## - GENERAL NOTE
General note Include discussion guide<br/>Include Glossary
520 ## - SUMMARY, ETC.
Summary, etc. "Perfect for readers of The Secret Life of Bees and The Help, a perceptive and searing look at Apartheid-era South Africa, told through one unique family brought together by tragedy. Life under Apartheid has created a secure future for Robin Conrad, a ten-year-old white girl living with her parents in 1970s Johannesburg. In the same nation but worlds apart, Beauty Mbali, a Xhosa woman in a rural village in the Bantu homeland of the Transkei, struggles to raise her children alone after her husband's death. Both lives have been built upon the division of race, and their meeting should never have occurred. Until the Soweto Uprising, in which a protest by black students ignites racial conflict, alters the fault lines on which their society is built, and shatters their worlds when Robin's parents are left dead and Beauty's daughter goes missing. After Robin is sent to live with her loving but irresponsible aunt, Beauty is hired to care for Robin while continuing the search for her daughter. In Beauty, Robin finds the security and family that she craves, and the two forge an inextricable bond through their deep personal losses. But Robin knows that if Beauty finds her daughter, Robin could lose her new caretaker forever, so she makes a desperate decision with devastating consequences. Her quest to make amends and find redemption is a journey of self-discovery in which she learns the harsh truths of the society that once promised her protection. Told through Beauty and Robin's alternating perspectives, the interwoven narratives create a rich and complex tapestry of the emotions and tensions at the heart of Apartheid-era South Africa. Hum if You Don't Know the Words is a beautifully rendered look at loss, racism, and the creation of family"
650 ## - SUBJECT ADDED ENTRY--TOPICAL TERM
Topical term or geographic name entry element Apartheid
Chronological subdivision Fiction.
Geographic subdivision South Africa
650 ## - SUBJECT ADDED ENTRY--TOPICAL TERM
Topical term or geographic name entry element Families
Chronological subdivision Fiction
Geographic subdivision South Africa
650 ## - SUBJECT ADDED ENTRY--TOPICAL TERM
Topical term or geographic name entry element South Africa
Form subdivision History
General subdivision 1961-1994
Chronological subdivision Fiction.
650 ## - SUBJECT ADDED ENTRY--TOPICAL TERM
Topical term or geographic name entry element South Africa
Form subdivision History
General subdivision Soweto Uprising, 1976
Chronological subdivision Fiction.
942 ## - ADDED ENTRY ELEMENTS (KOHA)
Source of classification or shelving scheme
Koha item type Books - Fiction
Holdings
Withdrawn status Lost status Source of classification or shelving scheme Damaged status Not for loan Collection code Permanent Location Current Location Shelving location Date acquired Total Checkouts Full call number Barcode Date last seen Date last checked out Price effective from Koha item type
          Fiction KH8 Senior School Library KH8 Senior School Library Fiction 2019-08-21 2 FIC MAR 3KHSL000100167 2022-09-15 2022-09-08 2019-08-21 Books - Fiction

Powered By KH8 IT Dept